000 00779nam a22002177a 4500
999 _c20945
_d20945
003 AR-CdUCM
008 190408b ||||| |||| 00| 0 spa d
040 _aMUNICIPALIDAD PROVINCIAL DEL CUSCO
_cBIBLIOTECA MUNICIPAL DEL CUSCO
082 _aEP / 376.16 /
_bR21
100 _aRamirez Nuñez, Yohny
_933023
245 _aLa vieja montaña :
_bLa maravillosa ciudadela de Machu-Picchu /
260 _aLima :
_bImpresiones Andina,
_c2017.
300 _bIlustraciones,
_c26 cm.
440 _aMinisterio de Cultura. Dirección Desconcentrada de Cultura de Cusco
_nImaginería producciones
_943702
505 _aContenido : Cómics.
650 _aLiteratura peruana
_9169
650 _aCómics
_913171
650 _aEducación primaria
_91561
942 _2ddc
_cLIBROS
945 _arcc